Barclays Bank Plc v Boulter and another (Record no. 52476)
[ view plain ]
| 000 -LEADER | |
|---|---|
| fixed length control field | 01373cab a2200229 4500 |
| 001 - CONTROL NUMBER | |
| control field | X83073 |
| 008 - FIXED-LENGTH DATA ELEMENTS--GENERAL INFORMATION | |
| fixed length control field | 090401t1998 xxu||||| |||| 00| 0 eng d |
| 035 ## - SYSTEM CONTROL NUMBER | |
| System control number | (Sirsi) u83073 |
| 041 ## - LANGUAGE CODE | |
| Language code of text/sound track or separate title | eng |
| 245 ## - TITLE STATEMENT | |
| Title | Barclays Bank Plc v Boulter and another |
| 260 ## - PUBLICATION, DISTRIBUTION, ETC. | |
| Date of publication, distribution, etc. | 1998 |
| 350 ## - PRICE (NR) (BK AM CF MU VM SE) [OBSOLETE] | |
| Price | 0 |
| 490 ## - SERIES STATEMENT | |
| Series statement | Weekly Law Reports |
| Volume/sequential designation | [1998]1 WLR 1-11(11) |
| 520 ## - SUMMARY, ETC. | |
| Summary, etc. | CA 23 April 1997. The bank claimed possession as mortgagee of a property comprising freehold registered land which was jointly owned by the husband and wife. The bank alleged that the defendants had failed to pay sums due under various mortgage accounts and a current account in the husband`s name, and that the property was bound by a legal charge signed by the defendants in the bank`s favour. The wife counterclaimed for a declaration that she had a half share in the property free of legal charge, and in her defence alleged that the bank had procured her signature through her husband, that she had signed the charge in reliance on her husband`s representation to her that it was to secure a single sum from the bank and no explanation given as to the meaning and effect of the charge. Held, appeal allowed. |
| 650 ## - SUBJECT ADDED ENTRY--TOPICAL TERM | |
| Topical term or geographic name entry element | MISREPRESENTATION |
| 650 ## - SUBJECT ADDED ENTRY--TOPICAL TERM | |
| Topical term or geographic name entry element | MORTGAGEE |
| 650 ## - SUBJECT ADDED ENTRY--TOPICAL TERM | |
| Topical term or geographic name entry element | RELIANCE |
| 650 ## - SUBJECT ADDED ENTRY--TOPICAL TERM | |
| Topical term or geographic name entry element | REPOSSESSION |
| 690 ## - LOCAL SUBJECT ADDED ENTRY--TOPICAL TERM (OCLC, RLIN) | |
| Topical term or geographic name as entry element | PROPERTY LAW AND PRACTICE-CASE LAW |
| 942 ## - ADDED ENTRY ELEMENTS (KOHA) | |
| Suppress in OPAC | 0 |
| 948 ## - LOCAL PROCESSING INFORMATION (OCLC); SERIES PART DESIGNATOR (RLIN) | |
| c (OCLC) | 13/01/1998 |
| Withdrawn status | Lost status | Source of classification or shelving scheme | Damaged status | Not for loan | Home library | Current library | Shelving location | Date acquired | Total Checkouts | Full call number | Barcode | Date last seen | Copy number | Price effective from | Koha item type |
|---|---|---|---|---|---|---|---|---|---|---|---|---|---|---|---|
| Other/Generic Classification Scheme | London | London | Journal article | 14/09/1999 | X83073 | 83073-1001 | 06/08/2019 | 1 | 06/08/2019 | Law report |